[Event "Tournoi francophone 014 Groupe F"]
[Site "Skype"]
[Date "????.??.??"]
[Round "1.2"]
[White "Porcabeuf, Jean-Marc"]
[Black "Canova, Felix"]
[Result "1/2-1/2"]
[WhiteElo "1229"]
[BlackElo "1000"]
[PlyCount "57"]

1. d4 d5 2. c4 e6 3. Nf3 dxc4 4. e3 Bb4+ 5. Bd2 Nc6 6. Bxc4 Nge7 7. O-O O-O 8.
Bc1 Bd7 9. a3 Ba5 10. b4 Bb6 11. Nc3 e5 12. dxe5 Bf5 13. Nh4 Qxd1 14. Rxd1 Nd8
15. e4 Bg4 16. h3 Bxd1 17. Nxd1 Bd4 18. Ra2 Ndc6 19. Nf3 Rad8 20. Bf4 Ng6 21.
e6 fxe6 22. Bxe6+ Rf7 23. Bxf7+ Kxf7 24. Bxc7 Rd7 25. Bf4 Nxf4 26. Rd2 Re7 27.
Ne3 Rxe4 28. Nf5 Re1+ 29. Nxe1 1/2-1/2

[Event "Tournoi francophone 014 Groupe F"]
[Site "Skype"]
[Date "????.??.??"]
[Round "1.3"]
[White "Esformes, Jacques"]
[Black "Douichi, Mohammed"]
[Result "1-0"]
[WhiteElo "1000"]
[BlackElo "1203"]
[PlyCount "179"]

1. e4 Nc6 2. Nf3 e5 3. d4 Nxd4 4. Nxd4 exd4 5. Qxd4 Nf6 6. e5 Qe7 7. Bf4 Ng4 8.
h3 Qb4+ 9. Qxb4 Bxb4+ 10. c3 Bc5 11. hxg4 O-O 12. Bc4 Rd8 13. b3 d6 14. b4 Bb6
15. O-O Bxg4 16. Re1 d5 17. Be2 Be6 18. Nd2 d4 19. c4 d3 20. Bxd3 Rxd3 21. Red1
Bd4 22. Rab1 Re8 23. Nf3 Rxd1+ 24. Rxd1 Bc3 25. Nd4 Bxc4 26. Rc1 Bxd4 27. Rxc4
Bb6 28. Kh2 c6 29. Be3 Bxe3 30. fxe3 Rxe5 31. Rd4 Kf8 32. Rd8+ Ke7 33. Rb8 Rb5
34. a3 g6 35. Rh8 Rh5+ 36. Kg1 Kf6 37. Re8 a6 38. Kf2 Rf5+ 39. Ke2 Kg5 40. e4
Rf4 41. Ke3 f6 42. g3 Rg4 43. Kd4 Rxg3 44. e5 Rg4+ 45. Kc5 Re4 46. e6 Re5+ 47.
Kd6 h5 48. e7 h4 49. Kd7 h3 50. a4 h2 51. Rh8 Rd5+ 52. Ke6 Re5+ 53. Kd7 Re1 54.
Kd8 h1=Q 55. Rxh1 Rxh1 56. e8=Q Rd1+ 57. Kc7 Ra1 58. a5 Kf5 59. Qc8+ Ke5 60.
Kxb7 Rb1 61. Qc7+ Kf5 62. Qxc6 Rxb4+ 63. Kxa6 Rh4 64. Qf3+ Rf4 65. Qd3+ Kg5 66.
Qb5+ f5 67. Kb6 Kg4 68. a6 Re4 69. a7 Re6+ 70. Ka5 Kf4 71. Qc4+ Re4 72. Qc2
Re5+ 73. Ka4 Re8 74. Qc4+ Re4 75. Kb4 g5 76. a8=Q Rxc4+ 77. Kxc4 g4 78. Qb8+
Kf3 79. Qb7+ Kg3 80. Qc7+ f4 81. Kd3 Kf3 82. Qc6+ Kf2 83. Qc5+ Kg3 84. Qg1+ Kf3
85. Qf1+ Kg3 86. Qg1+ Kh3 87. Ke4 f3 88. Ke3 Kh4 89. Kf4 f2 90. Qh1# 1-0

[Event "Tournoi francophone 014 Groupe F"]
[Site "Skype"]
[Date "????.??.??"]
[Round "1.4"]
[White "Abate, Luigi"]
[Black "Hampton, Irene"]
[Result "1-0"]
[WhiteElo "1189"]
[BlackElo "1000"]
[PlyCount "67"]

1. c4 b6 2. e4 Bb7 3. Nc3 d6 4. g3 Nc6 5. Bg2 Qd7 6. Bh3 e6 7. d3 O-O-O 8. Bg5
Be7 9. Bf4 Nf6 10. Nge2 g6 11. d4 h5 12. O-O a6 13. d5 Nb4 14. a3 Nbxd5 15.
cxd5 c6 16. dxe6 fxe6 17. Nd4 Rdg8 18. Bxe6 Rg7 19. Bxd7+ Kxd7 20. e5 Nd5 21.
Re1 h4 22. g4 Nxf4 23. Qf3 Nd5 24. Rad1 Bg5 25. exd6 Kxd6 26. Qe4 Bc8 27. Qe5+
Kd7 28. Qxg7+ Ne7 29. Qxh8 c5 30. Ne6+ Kc6 31. Nxg5 Bxg4 32. Qf6+ Kb7 33. Qxe7+
Kc6 34. Rd6# 1-0

[Event "Tournoi francophone 014 Groupe F"]
[Site "Skype"]
[Date "????.??.??"]
[Round "1.5"]
[White "Ibanez, Bittor"]
[Black "Schnell, Nicolas"]
[Result "1-0"]
[WhiteElo "1000"]
[BlackElo "1099"]
[PlyCount "93"]

1. g3 e5 2. c4 Nc6 3. Bg2 Bc5 4. Nc3 Qf6 5. e3 Qf5 6. Be4 Qe6 7. d3 Nf6 8. Bg2
Ng4 9. Bd5 Qf5 10. Bxf7+ Qxf7 11. Qxg4 O-O 12. Qe2 d6 13. Ne4 Bg4 14. f3 Bb4+
15. Bd2 Bh5 16. Bxb4 Nxb4 17. a3 Nc6 18. Ng5 Qe7 19. h4 Bg6 20. h5 Qxg5 21.
hxg6 h6 22. g4 e4 23. Rh5 Qxg6 24. dxe4 Rae8 25. Rf5 Ne5 26. Rxf8+ Rxf8 27.
O-O-O Qf7 28. Rd5 Re8 29. f4 Nxg4 30. Qxg4 Rxe4 31. Qe2 Qg6 32. Nf3 Qe8 33. Kd2
Rxe3 34. Qxe3 Qxe3+ 35. Kxe3 Kh7 36. f5 a5 37. Ne5 dxe5 38. Rd7 Kg8 39. Rxc7 b6
40. Ke4 a4 41. Kxe5 Kh7 42. Ke6 h5 43. f6 Kg6 44. f7 h4 45. f8=Q h3 46. Rxg7+
Kh5 47. Qh8# 1-0

[Event "Tournoi francophone 014 Groupe F"]
[Site "Skype"]
[Date "????.??.??"]
[Round "1.6"]
[White "Coude, Josue"]
[Black "Moraga Vasquez, Michael"]
[Result "1-0"]
[WhiteElo "1078"]
[BlackElo "1000"]
[PlyCount "75"]

1. e4 e5 2. Nf3 Nc6 3. Bc4 Be7 4. d3 d6 5. Be3 h6 6. Nc3 Nf6 7. Qe2 O-O 8. O-O
Bg4 9. h3 Bh5 10. g4 Nxg4 11. hxg4 Bxg4 12. Kh2 a6 13. Rg1 Qd7 14. a4 Bh3 15.
Rg3 Bg4 16. Rag1 h5 17. Nd5 Bh4 18. R3g2 Qd8 19. Bd2 Nd4 20. Qe3 Nxf3+ 21. Kh1
Nxg1 22. Kxg1 Bg5 23. f4 exf4 24. Nxf4 Qf6 25. Nxh5 Bxh5 26. Rxg5 b5 27. Bd5
Rae8 28. Rxh5 Re5 29. Rxe5 dxe5 30. Bb4 Rd8 31. Qh3 bxa4 32. Qh5 g6 33. Qh6 Rb8
34. Be1 Rxb2 35. Bh4 Rb1+ 36. Kg2 Qf1+ 37. Kg3 Qf2+ 38. Kxf2 1-0

[Event "Tournoi francophone 014 Groupe F"]
[Site "Skype"]
[Date "????.??.??"]
[Round "1.7"]
[White "Ortis, Yves"]
[Black "Montilla Bejarano, Carmen"]
[Result "1/2-1/2"]
[WhiteElo "1000"]
[BlackElo "1073"]
[PlyCount "44"]

1. d4 d5 2. Bf4 Nc6 3. c3 Nf6 4. Nd2 Bf5 5. g3 e6 6. e3 Bd6 7. Bxd6 Qxd6 8. Bg2
O-O 9. h3 h6 10. Ngf3 Bh7 11. Qb3 Rab8 12. O-O Bd3 13. Rfc1 Ne4 14. Nxe4 dxe4
15. Ne1 Ba6 16. Bxe4 Ne7 17. Nf3 f5 18. Nh4 fxe4 19. Rf1 Bxf1 20. Rxf1 Rf6 21.
Qc2 g5 22. Ng2 Qc6 1/2-1/2

[Event "Tournoi francophone 014 Groupe F"]
[Site "Skype"]
[Date "????.??.??"]
[Round "1.8"]
[White "Dib, Catherine"]
[Black "Rodriguez Tovar, Liliana"]
[Result "0-1"]
[WhiteElo "1070"]
[BlackElo "1000"]
[PlyCount "118"]

1. c4 e5 2. Nc3 Nf6 3. d3 d6 4. g3 Bg4 5. Bg2 c6 6. Nf3 Nbd7 7. b3 Be7 8. Bb2
h6 9. O-O O-O 10. e3 e4 11. dxe4 Nc5 12. Qc2 Be6 13. Nd4 d5 14. Rad1 Qd6 15.
Nxe6 fxe6 16. cxd5 exd5 17. exd5 Ng4 18. h3 Ne5 19. dxc6 Qf6 20. cxb7 Rab8 21.
Nd5 Nf3+ 22. Bxf3 Qxf3 23. Nxe7+ Kf7 24. Nc6 Qxc6 25. Qc3 Ke8 26. Qxg7 Rxb7 27.
Qe5+ Re7 28. Qb8+ Kf7 29. Rd6 Qe4 30. Rfd1 Rxb8 31. R6d5 Ne6 32. Be5 Rc8 33. a4
Ng5 34. R1d4 Rc1+ 35. Rd1 Rxd1+ 36. Rxd1 Nxh3+ 37. Kf1 Qxe5 38. Rd2 Nxf2 39.
Rxf2+ Ke8 40. a5 Qxe3 41. b4 Qe1+ 42. Kg2 Qxb4 43. a6 Qe4+ 44. Kh2 Qe1 45. Kg2
Qe4+ 46. Kg1 h5 47. Rh2 Qf3 48. Rg2 Qg4 49. Kh2 h4 50. gxh4 Qxh4+ 51. Kg1 Rf7
52. Rh2 Qg4+ 53. Rg2 Qd1+ 54. Kh2 Qd6+ 55. Kg1 Qd4+ 56. Kh2 Rh7+ 57. Kg3 Qe3+
58. Kg4 Rg7+ 59. Kf5 Rxg2 0-1

[Event "Tournoi francophone 014 Groupe F"]
[Site "Skype"]
[Date "????.??.??"]
[Round "1.9"]
[White "Tachnakian, Alain"]
[Black "Tolaro, Filippa"]
[Result "0-1"]
[WhiteElo "1000"]
[BlackElo "1065"]
[PlyCount "52"]

1. e4 c6 2. Nf3 d5 3. exd5 cxd5 4. d4 Bf5 5. Bd3 Bxd3 6. cxd3 e6 7. Bf4 Nf6 8.
Bg5 h6 9. Bxf6 Qxf6 10. Qe2 Bd6 11. Nc3 O-O 12. O-O-O Nc6 13. h4 Nxd4 14. Nxd4
Qxd4 15. g4 Rac8 16. Kb1 Rc6 17. Rc1 Rfc8 18. Rc2 Rb6 19. b3 Bb4 20. Rhc1 Rbc6
21. Nb5 Qb6 22. d4 Rxc2 23. Rxc2 Rxc2 24. Qxc2 Qxb5 25. Qc8+ Kh7 26. Qf8 Bxf8
0-1

[Event "Tournoi francophone 014 Groupe F"]
[Site "Skype"]
[Date "????.??.??"]
[Round "1.10"]
[White "Fernandez, Raquel"]
[Black "Tinti, Jacopo"]
[Result "0-1"]
[WhiteElo "1043"]
[BlackElo "1000"]
[PlyCount "50"]

1. e4 e5 2. Nf3 Nc6 3. Nc3 d6 4. Bb5 Nf6 5. d3 Be7 6. Be3 O-O 7. O-O Bg4 8. Nd5
Re8 9. Nxf6+ Bxf6 10. c3 Qe7 11. Qc1 Bxf3 12. gxf3 Qd7 13. Bg5 a6 14. Bxc6 bxc6
15. Bxf6 gxf6 16. Qh6 Qe6 17. Qh4 d5 18. Rfe1 dxe4 19. Rxe4 Qf5 20. Qg3+ Kh8
21. Rg4 Qxd3 22. Rg7 Rab8 23. Rxf7 Rg8 24. Qxg8+ Rxg8+ 25. Kh1 Qxf3# 0-1

[Event "Tournoi francophone 014 Groupe F"]
[Site "Skype"]
[Date "????.??.??"]
[Round "1.11"]
[White "Yepez, German"]
[Black "Trapletti, Cosetta"]
[Result "1-0"]
[WhiteElo "1000"]
[BlackElo "1026"]
[PlyCount "89"]

1. e4 e5 2. Nf3 Nc6 3. c3 Bc5 4. d4 Be7 5. d5 Nd4 6. cxd4 exd4 7. Nxd4 Nf6 8.
Nc3 c5 9. Nf5 d6 10. Nxg7+ Kf8 11. Nf5 Rg8 12. Nxe7 Qxe7 13. Qf3 Rg6 14. h3 a6
15. Bd2 b6 16. O-O-O Bd7 17. Re1 Qe5 18. Nd1 Qd4 19. Bc3 Qa4 20. Kb1 b5 21. b3
Qa3 22. Bxf6 c4 23. Bb2 Qb4 24. Qc3 Qc5 25. Qh8+ Rg8 26. Qc3 b4 27. Qxc4 Qa5
28. Qd4 Rc8 29. Ne3 Qc7 30. Qxb4 a5 31. Qc4 Qb7 32. Qd4 a4 33. b4 Ra8 34. a3
Rc8 35. g4 h6 36. f4 Ke7 37. Nf5+ Kf8 38. Nxh6 Rg6 39. g5 f6 40. f5 Rxg5 41.
Qxf6+ Ke8 42. Qxg5 Qc7 43. Qg8+ Ke7 44. Qf7+ Kd8 45. Bf6# 1-0

[Event "Tournoi francophone 014 Groupe F"]
[Site "Skype"]
[Date "????.??.??"]
[Round "2.1"]
[White "Rodriguez Tovar, Liliana"]
[Black "Abate, Luigi"]
[Result "1-0"]
[WhiteElo "1000"]
[BlackElo "1189"]
[PlyCount "83"]

1. e4 c5 2. Nf3 Nc6 3. Bc4 h6 4. d3 e5 5. a3 Bd6 6. Nc3 Nge7 7. Be3 b6 8. O-O
O-O 9. Nd5 Nxd5 10. Bxd5 Bb7 11. b4 cxb4 12. axb4 Re8 13. b5 Na5 14. Bxb7 Nxb7
15. c4 Bc5 16. Qe2 d6 17. Rad1 Bxe3 18. Qxe3 Nc5 19. d4 exd4 20. Qxd4 Rxe4 21.
Qxd6 Nb7 22. Qc6 Qc8 23. Qxe4 Nc5 24. Qe7 Qe8 25. Qxe8+ Rxe8 26. Rfe1 Ne4 27.
Rd4 f5 28. Nh4 Re5 29. Ng6 Re6 30. Rd8+ Kf7 31. Nh8+ Ke7 32. Rd5 Kf6 33. g4 f4
34. f3 Re8 35. fxe4 Rxh8 36. Rf5+ Ke7 37. Rxf4 g5 38. Rf5 Ke6 39. Ref1 h5 40.
Rxg5 h4 41. e5 Rh7 42. Rf6+ 1-0

[Event "Tournoi francophone 014 Groupe F"]
[Site "Skype"]
[Date "????.??.??"]
[Round "2.2"]
[White "Tinti, Jacopo"]
[Black "Coude, Josue"]
[Result "1-0"]
[WhiteElo "1000"]
[BlackElo "1078"]
[PlyCount "59"]

1. c4 e5 2. e4 Nf6 3. Nc3 Bc5 4. a3 d6 5. g3 Be6 6. d3 c6 7. Nf3 O-O 8. Bg2 h6
9. O-O Nbd7 10. Bd2 a6 11. b4 Bd4 12. Qe2 b5 13. Nxd4 exd4 14. Nd1 c5 15. Nb2
Qc7 16. Rac1 cxb4 17. axb4 Nb6 18. Qd1 bxc4 19. dxc4 Nxc4 20. Nxc4 Bxc4 21. Re1
d3 22. Bf4 Rfd8 23. e5 dxe5 24. Bxe5 Qc8 25. Bxf6 gxf6 26. Re7 Rb8 27. Qh5 Rf8
28. Qxh6 Qd8 29. Be4 Qxe7 30. Qh7# 1-0

[Event "Tournoi francophone 014 Groupe F"]
[Site "Skype"]
[Date "????.??.??"]
[Round "2.3"]
[White "Tolaro, Filippa"]
[Black "Esformes, Jacques"]
[Result "1/2-1/2"]
[WhiteElo "1065"]
[BlackElo "1000"]
[PlyCount "87"]

1. Nf3 f6 2. d4 d5 3. b3 c6 4. e3 Bg4 5. Be2 e6 6. Bb2 Nh6 7. Nbd2 g5 8. Bd3
Bd6 9. O-O Qc7 10. g3 Bh3 11. Re1 Qf7 12. Bf1 Bxf1 13. Rxf1 Qh5 14. Ne5 Qxd1
15. Rfxd1 fxe5 16. dxe5 Bc5 17. Nf3 Rg8 18. a3 g4 19. Ne1 Nd7 20. b4 Bb6 21.
Rac1 Nf5 22. Ng2 O-O-O 23. c4 d4 24. c5 Bc7 25. e4 Ne7 26. Rxd4 Bxe5 27. Rd2
Bxb2 28. Rxb2 Rdf8 29. Rd2 Ne5 30. Rcd1 Rd8 31. Rd6 Kc7 32. Nf4 Rxd6 33. cxd6+
Kd7 34. dxe7+ Kxe7 35. Rd3 Nxd3 36. Nxd3 Rd8 37. e5 Rxd3 38. a4 Rd1+ 39. Kg2 h5
40. f3 Rd2+ 41. Kf1 Rd1+ 42. Kf2 Rd2+ 43. Kf1 Rd1+ 44. Kf2 1/2-1/2

[Event "Tournoi francophone 014 Groupe F"]
[Site "Skype"]
[Date "????.??.??"]
[Round "2.4"]
[White "Blanchard, Colette"]
[Black "Ibanez, Bittor"]
[Result "0-1"]
[WhiteElo "1000"]
[BlackElo "1000"]
[PlyCount "109"]

1. d4 Nf6 2. Nf3 g6 3. Bf4 Bg7 4. e3 d6 5. Bd3 Bg4 6. Nc3 a6 7. h3 Bd7 8. O-O
O-O 9. Ne4 Nc6 10. c3 Nd5 11. Bg3 e5 12. Qb3 Nb6 13. Rad1 Be6 14. c4 Na5 15.
Qc2 h6 16. b3 f5 17. Nc3 Nc6 18. e4 f4 19. Bxf4 Rxf4 20. Nd5 Nxd5 21. cxd5 Nxd4
22. Nxd4 Bd7 23. Ne6 Bxe6 24. dxe6 c6 25. g4 Rf3 26. Kg2 Rf4 27. Bc4 Qe7 28. f3
h5 29. Qf2 Raf8 30. Qg3 h4 31. Qe1 b5 32. Be2 Qxe6 33. Qd2 Rd8 34. Qe3 Bh6 35.
Rc1 Rxg4+ 36. fxg4 Bxe3 37. Bc4 Bxc1 38. Bxe6+ Kg7 39. Rxc1 Kf6 40. Bc4 bxc4
41. bxc4 c5 42. Rd1 Kg5 43. Kf2 Kf4 44. Rd3 Kxe4 45. Re3+ Kd4 46. Ra3 Rf8+ 47.
Ke2 Kxc4 48. Rxa6 Kd5 49. a4 e4 50. Ke3 Rf3+ 51. Ke2 Rxh3 52. a5 Rh2+ 53. Kd1
Ra2 54. Rc6 Kxc6 55. a6 0-1

[Event "Tournoi francophone 014 Groupe F"]
[Site "Skype"]
[Date "????.??.??"]
[Round "2.5"]
[White "Montilla Bejarano, Carmen"]
[Black "Yepez, German"]
[Result "1/2-1/2"]
[WhiteElo "1073"]
[BlackElo "1000"]
[PlyCount "83"]

1. e4 e5 2. Nf3 Nc6 3. Bb5 Nf6 4. Nc3 d6 5. O-O Bd7 6. Re1 g6 7. Nd5 Bg7 8. c4
O-O 9. h3 a6 10. Ba4 Nh5 11. d3 f5 12. Bg5 Nf6 13. exf5 Bxf5 14. Qb3 Na5 15.
Qc3 c5 16. b4 cxb4 17. Qxb4 Nxd5 18. cxd5 Qc7 19. Rac1 Nc6 20. dxc6 b6 21. Bb3+
Kh8 22. Qh4 Rfe8 23. Bf6 Bxd3 24. Ng5 Bxf6 25. Nf7+ Qxf7 26. Bxf7 Bxh4 27. Bxe8
Rxe8 28. c7 Rc8 29. Red1 e4 30. Rc6 d5 31. Rdc1 Bc4 32. a3 Bg5 33. Rc2 Bf4 34.
g3 Bxc7 35. Kg2 Kg7 36. Rd2 Kf7 37. Rd1 a5 38. Re1 Bb5 39. Rc2 Bd7 40. Rec1 Bd6
41. Rxc8 Bxc8 42. Rxc8 1/2-1/2

[Event "Tournoi francophone 014 Groupe F"]
[Site "Skype"]
[Date "????.??.??"]
[Round "2.6"]
[White "Canova, Felix"]
[Black "Ortis, Yves"]
[Result "0-1"]
[WhiteElo "1000"]
[BlackElo "1000"]
[PlyCount "74"]

1. d4 f5 2. g3 Nf6 3. Bg2 h6 4. Nf3 e6 5. c4 Nc6 6. Nc3 Bb4 7. Bd2 Ne4 8. Nxe4
fxe4 9. Bxb4 Nxb4 10. Ne5 Qf6 11. Ng4 Qf7 12. O-O d6 13. a3 Nc6 14. d5 h5 15.
Ne3 Bd7 16. dxc6 Bxc6 17. b3 O-O-O 18. b4 b6 19. a4 Kd7 20. c5 Ke7 21. b5 dxc5
22. Qc1 Bb7 23. Nc4 Qf5 24. Ne3 Qe5 25. Qc2 Rd4 26. Qc3 Rhd8 27. Rfd1 Rxd1+ 28.
Rxd1 Qxc3 29. Kf1 Qb3 30. Ke1 Bd5 31. Rd2 Qb4 32. Nc2 Qb1+ 33. Rd1 Qxc2 34. Rd2
Qc3 35. Kd1 Bb3+ 36. Ke1 Qxd2+ 37. Kf1 Qd1# 0-1

[Event "Tournoi francophone 014 Groupe F"]
[Site "Skype"]
[Date "????.??.??"]
[Round "2.7"]
[White "Douichi, Mohammed"]
[Black "Porcabeuf, Jean-Marc"]
[Result "1-0"]
[WhiteElo "1203"]
[BlackElo "1229"]
[PlyCount "103"]

1. c4 d5 2. d4 Nf6 3. Nf3 Bf5 4. Nc3 e6 5. a3 Bd6 6. c5 Be7 7. e3 Nc6 8. Be2 b6
9. cxb6 axb6 10. Bd3 O-O 11. Bxf5 exf5 12. O-O Bd6 13. Qb3 Ne7 14. Qc2 Rc8 15.
Nb5 c5 16. Na7 Rc7 17. Nb5 cxd4 18. Nxc7 Bxc7 19. Nxd4 Qd6 20. f4 Ne4 21. Nb5
Qd7 22. Nxc7 Rc8 23. Qb3 Rxc7 24. Qxb6 Rb7 25. Qd4 Nc6 26. Qa4 Ra7 27. Qb5 Nd6
28. Qxd5 Ne7 29. Qd1 Qe6 30. b4 Rd7 31. Qa4 Ng6 32. Qa8+ Ne8 33. Re1 h6 34. Bb2
Kh7 35. Bd4 Nh4 36. g3 Qg6 37. Rf1 Nf6 38. Qc6 Re7 39. a4 Qg4 40. a5 Nh5 41.
Kf2 Qh3 42. gxh4 Qxh4+ 43. Kg2 Re6 44. Qd5 Rg6+ 45. Kf3 Qh3+ 46. Ke2 Qxh2+ 47.
Rf2 Qh3 48. Rf3 Rg2+ 49. Kd3 Qh2 50. Qxf5+ g6 51. Qf6 Ng7 52. Qxg7# 1-0

[Event "Tournoi francophone 014 Groupe F"]
[Site "Skype"]
[Date "????.??.??"]
[Round "2.9"]
[White "Schnell, Nicolas"]
[Black "Tachnakian, Alain"]
[Result "1-0"]
[WhiteElo "1099"]
[BlackElo "1000"]
[PlyCount "49"]

1. e4 e5 2. Nf3 d6 3. Bc4 Be6 4. Bb5+ c6 5. Be2 Bg4 6. d4 Bxf3 7. Bxf3 d5 8.
dxe5 Nd7 9. Bf4 g5 10. Be3 Nxe5 11. Bh5 Nf6 12. Be2 Qa5+ 13. Nc3 Bb4 14. Bd4
Nxe4 15. O-O Nxc3 16. Qd2 f6 17. Bh5+ Ke7 18. Rfe1 c5 19. Bxe5 fxe5 20. Rxe5+
Kd6 21. Qxg5 Rhg8 22. Qf6+ Kd7 23. Re7+ Kc8 24. Qe6+ Kd8 25. Qd7# 1-0

[Event "Tournoi francophone 014 Groupe F"]
[Site "Skype"]
[Date "????.??.??"]
[Round "2.10"]
[White "Hampton, Irene"]
[Black "Dib, Catherine"]
[Result "0-1"]
[WhiteElo "1000"]
[BlackElo "1070"]
[PlyCount "68"]

1. d4 Nf6 2. Nf3 g6 3. e3 Bg7 4. Bd3 O-O 5. O-O b6 6. c4 Bb7 7. Nbd2 d6 8. e4
Nbd7 9. b3 e5 10. d5 c6 11. Qc2 Nc5 12. Bb2 Rc8 13. Ng5 cxd5 14. cxd5 Ncxe4 15.
f3 Rxc2 16. Bxc2 Nxd2 17. Rf2 h6 18. Rxd2 hxg5 19. Rf1 Nxd5 20. g3 Qc7 21. Bd3
Ne3 22. Re1 Nf5 23. Be4 Bc8 24. Bd5 Qc5+ 25. Kg2 Ne3+ 26. Kh1 Nxd5 27. h4 Bh6
28. f4 gxf4 29. g4 g5 30. a3 a5 31. Rh2 Bxg4 32. hxg5 Bxg5 33. Rh5 Bxh5 34. Rg1
f6 0-1

[Event "Tournoi francophone 014 Groupe F"]
[Site "Skype"]
[Date "????.??.??"]
[Round "2.11"]
[White "Moraga Vasquez, Michael"]
[Black "Fernandez, Raquel"]
[Result "1-0"]
[WhiteElo "1000"]
[BlackElo "1043"]
[PlyCount "43"]

1. e4 e5 2. Nf3 Nc6 3. Bc4 Bc5 4. c3 Nf6 5. d3 d6 6. O-O O-O 7. h3 Bg4 8. hxg4
Nxg4 9. Bg5 Qd7 10. d4 exd4 11. cxd4 Bxd4 12. Bh4 Rae8 13. Nbd2 Bxb2 14. Rb1
Bd4 15. Re1 Bxf2+ 16. Bxf2 Na5 17. Bd3 d5 18. e5 b6 19. Ne4 dxe4 20. Bxe4 Rd8
21. Bh4 Rde8 22. Qxd7 1-0

[Event "Tournoi francophone 014 Groupe F"]
[Site "Skype"]
[Date "????.??.??"]
[Round "3.1"]
[White "Ibanez, Bittor"]
[Black "Rodriguez Tovar, Liliana"]
[Result "1-0"]
[WhiteElo "1000"]
[BlackElo "1000"]
[PlyCount "45"]

1. d4 d5 2. g3 Nc6 3. Nf3 Nf6 4. c4 Bg4 5. h3 Bh5 6. Bg2 e6 7. Bg5 h6 8. Bh4 g5
9. g4 Bg6 10. Bg3 Bg7 11. e3 O-O 12. a3 Na5 13. c5 c6 14. Nbd2 Nc4 15. Nxc4
dxc4 16. Ne5 Qa5+ 17. Qd2 Qb5 18. Qb4 Ne4 19. Nxg6 fxg6 20. Bxe4 Rf5 21. gxf5
exf5 22. Qxb5 cxb5 23. Bxb7 1-0

[Event "Tournoi francophone 014 Groupe F"]
[Site "Skype"]
[Date "????.??.??"]
[Round "3.2"]
[White "Esformes, Jacques"]
[Black "Tinti, Jacopo"]
[Result "0-1"]
[WhiteElo "1000"]
[BlackElo "1000"]
[PlyCount "88"]

1. e4 e5 2. Nf3 Nf6 3. Nc3 d6 4. Bc4 h6 5. h3 Nc6 6. d4 Be6 7. Bxe6 fxe6 8. Be3
Qd7 9. a3 O-O-O 10. b4 Be7 11. O-O d5 12. Nxe5 Nxe5 13. dxe5 Qe8 14. exf6 Bxf6
15. Qd3 e5 16. Nxd5 Qg6 17. Nxf6 Rxd3 18. cxd3 gxf6 19. f3 Rg8 20. g4 h5 21.
Kf2 hxg4 22. hxg4 Qh7 23. Rh1 Qg6 24. Rag1 Qf7 25. Rh5 Qa2+ 26. Ke1 Rd8 27. Rh2
Qb1+ 28. Kf2 Qc2+ 29. Kg3 Qxd3 30. Bc1 Qb3 31. g5 f5 32. g6 fxe4 33. Bg5 Qxf3+
34. Kh4 Rh8+ 35. Bh6 Rxh6+ 36. Kg5 Rxh2 37. g7 Qe3+ 38. Kf6 Qxg1 39. Kxe5 Qxg7+
40. Kxe4 Qe7+ 41. Kd4 Rh4+ 42. Kc3 Qe3+ 43. Kb2 Rh2+ 44. Ka1 Qe1# 0-1

[Event "Tournoi francophone 014 Groupe F"]
[Site "Skype"]
[Date "????.??.??"]
[Round "3.3"]
[White "Yepez, German"]
[Black "Tolaro, Filippa"]
[Result "1-0"]
[WhiteElo "1000"]
[BlackElo "1065"]
[PlyCount "83"]

1. e4 c6 2. d4 d5 3. exd5 cxd5 4. Nf3 Nf6 5. Nbd2 Bf5 6. Be2 e6 7. O-O Bd6 8.
Nh4 Bg6 9. f4 Nbd7 10. b3 h6 11. Nxg6 fxg6 12. Nf3 Qc7 13. g3 O-O-O 14. Nh4 Nf8
15. c4 g5 16. fxg5 hxg5 17. Ng2 Ne4 18. c5 Nc3 19. cxd6 Rxd6 20. Qd3 Nxe2+ 21.
Qxe2 Nh7 22. Be3 Re8 23. Rfc1 Rc6 24. b4 a6 25. a4 Kd7 26. b5 Rxc1+ 27. Rxc1
Qd6 28. Qc2 g6 29. Bd2 e5 30. dxe5 Qxe5 31. b6 Qd4+ 32. Kh1 Qxb6 33. a5 Qf2 34.
Qc7+ Ke6 35. Re1+ Kf5 36. Qf7+ Nf6 37. g4+ Kxg4 38. Be3 Qf3 39. Kg1 Kh3 40.
Nf4+ gxf4 41. Qxg6 Ng4 42. Qh5# 1-0

[Event "Tournoi francophone 014 Groupe F"]
[Site "Skype"]
[Date "????.??.??"]
[Round "3.4"]
[White "Ortis, Yves"]
[Black "Schnell, Nicolas"]
[Result "0-1"]
[WhiteElo "1000"]
[BlackElo "1099"]
[PlyCount "72"]

1. e4 e5 2. Bc4 Nf6 3. Nc3 d6 4. h3 Nc6 5. Nf3 Be7 6. Bb5 O-O 7. O-O Ng4 8. d3
Nf6 9. Bg5 a6 10. Bc4 Bxh3 11. gxh3 Qd7 12. Kg2 Rae8 13. Nd5 Nxd5 14. Bxd5 Nd4
15. h4 Qg4+ 16. Kh2 Nxf3+ 17. Qxf3 Qxf3 18. Be3 Bxh4 19. Rae1 c6 20. Bb3 d5 21.
c3 Re6 22. Bd1 Qf6 23. Bg4 Rd6 24. Re2 d4 25. Bd2 Qg6 26. f3 Rf6 27. Kh3 Bg5
28. Bf5 Qh6+ 29. Kg2 Bxd2 30. Rh1 Qg5+ 31. Kf1 h6 32. Rhh2 Bf4 33. Rhg2 Qh4 34.
Kg1 Rd8 35. Rh2 Qg3+ 36. Reg2 Qe1# 0-1

[Event "Tournoi francophone 014 Groupe F"]
[Site "Skype"]
[Date "????.??.??"]
[Round "3.5"]
[White "Dib, Catherine"]
[Black "Douichi, Mohammed"]
[Result "1-0"]
[WhiteElo "1070"]
[BlackElo "1203"]
[PlyCount "145"]

1. c4 e5 2. Nc3 Nf6 3. d3 Be7 4. Nf3 d6 5. g3 c6 6. Bg2 O-O 7. O-O d5 8. cxd5
cxd5 9. Nxe5 d4 10. Ne4 Nd5 11. a3 Qc7 12. Nf3 Nc6 13. e3 dxe3 14. fxe3 Bg4 15.
Qc2 Qb6 16. Rb1 Rac8 17. Qd2 Bb4 18. axb4 Ncxb4 19. Nd4 Na2 20. Nf6+ Nxf6 21.
Rf4 Nc3 22. Ra1 Na4 23. Rxa4 Bd7 24. Rb4 Qc7 25. Bxb7 Qxc1+ 26. Qxc1 Rxc1+ 27.
Rf1 Rc7 28. Bg2 a5 29. Rc4 Rxc4 30. dxc4 Ng4 31. Re1 Ne5 32. b3 Nd3 33. Rb1 Re8
34. Bf1 Rxe3 35. Ra1 Re4 36. Bxd3 Rxd4 37. Rd1 Bg4 38. Bxh7+ Kxh7 39. Rxd4 Bf3
40. Kf2 Bh1 41. Rd7 Kg6 42. c5 Bc6 43. Rd6+ Kf5 44. Rxc6 Ke5 45. Rc7 Ke6 46.
Rc6+ Kd7 47. Rd6+ Kc7 48. Rd5 Kc6 49. Rd4 Kxc5 50. Ke3 f6 51. Kd3 Kb5 52. Kc3
g6 53. Rd5+ Kc6 54. Kc4 f5 55. Rxa5 Kb6 56. Kb4 Kc6 57. Kc4 Kb6 58. b4 Kc6 59.
b5+ Kb6 60. Kb4 g5 61. Ra6+ Kb7 62. Kc5 f4 63. gxf4 gxf4 64. Rf6 f3 65. Rxf3
Ka7 66. h4 Kb7 67. h5 Kc7 68. h6 Kb7 69. h7 Kc7 70. h8=Q Kd7 71. Qh6 Kc8 72.
Rf7 Kd8 73. Qh8# 1-0

[Event "Tournoi francophone 014 Groupe F"]
[Site "Skype"]
[Date "????.??.??"]
[Round "3.6"]
[White "Abate, Luigi"]
[Black "Moraga Vasquez, Michael"]
[Result "1-0"]
[WhiteElo "1189"]
[BlackElo "1000"]
[PlyCount "35"]

1. d4 Nf6 2. c4 e6 3. Bf4 g6 4. Nf3 Bg7 5. e3 O-O 6. Nc3 d5 7. Nb5 c6 8. Nc7
Qxc7 9. Bxc7 Nbd7 10. Bd6 Re8 11. cxd5 exd5 12. Bd3 b6 13. O-O c5 14. dxc5 bxc5
15. Rc1 Bb7 16. Bxc5 Rac8 17. Bxa7 Rxc1 18. Qxc1 1-0

[Event "Tournoi francophone 014 Groupe F"]
[Site "Skype"]
[Date "????.??.??"]
[Round "3.7"]
[White "Coude, Josue"]
[Black "Blanchard, Colette"]
[Result "1-0"]
[WhiteElo "1078"]
[BlackElo "1000"]
[PlyCount "109"]

1. e4 e5 2. Nf3 Nc6 3. Bc4 h6 4. d3 Nf6 5. Nc3 Bc5 6. h3 d6 7. O-O Nd4 8. Nxd4
Bxd4 9. Nb5 O-O 10. c3 c6 11. Nxd4 exd4 12. cxd4 b5 13. Bb3 Ba6 14. Qc2 Rc8 15.
Be3 Qb6 16. d5 c5 17. Rfd1 b4 18. Bf4 Nh5 19. Bd2 Qd8 20. a3 Rc7 21. axb4 cxb4
22. Qb1 Bb5 23. Bxb4 Qd7 24. Rc1 Rxc1+ 25. Qxc1 Bxd3 26. e5 Rc8 27. Qe3 Bc4 28.
Bxc4 Rxc4 29. Bxd6 Qf5 30. Qxa7 Rf4 31. Bc5 Qxe5 32. Qa8+ Kh7 33. Be3 Re4 34.
g4 Nf4 35. Bxf4 Rxf4 36. Rd1 Qe2 37. Qa1 Qxf2+ 38. Kh1 Qf3+ 39. Kg1 Qg3+ 40.
Kh1 Qxh3+ 41. Kg1 Qxg4+ 42. Kh2 Qg3+ 43. Kxg3 Rg4+ 44. Kxg4 Kg6 45. Qb1+ Kf6
46. d6 g6 47. d7 h5+ 48. Kg3 g5 49. d8=Q+ Kg7 50. Qf5 h4+ 51. Kg4 h3 52. Qdf6+
Kg8 53. Qxf7+ Kh8 54. Q7f6+ Kg8 55. Qf8# 1-0

[Event "Tournoi francophone 014 Groupe F"]
[Site "Skype"]
[Date "????.??.??"]
[Round "3.8"]
[White "Trapletti, Cosetta"]
[Black "Montilla Bejarano, Carmen"]
[Result "0-1"]
[WhiteElo "1026"]
[BlackElo "1073"]
[PlyCount "54"]

1. Nf3 d5 2. d4 Bf5 3. Bf4 h6 4. e3 e6 5. Be2 Nc6 6. c3 Nge7 7. O-O Ng6 8. Bg3
Be7 9. h4 Nxh4 10. Bxh4 Bxh4 11. Qb3 Rb8 12. Bb5 O-O 13. Nbd2 Be7 14. c4 a6 15.
Bxc6 bxc6 16. Qc3 Bf6 17. Rfe1 Be7 18. e4 Bb4 19. Qc2 dxe4 20. Ne5 Rb6 21. Rad1
e3 22. Ne4 Qh4 23. Rxe3 Bd6 24. c5 Bxe5 25. cxb6 Qh2+ 26. Kf1 Bf4 27. Qe2 Qh1#
0-1